| 000 | 00566nam a2200181Ia 4500 | ||
|---|---|---|---|
| 003 | GCL | ||
| 008 | 140319s9999 xx 000 0 ara d | ||
| 040 |
_aGCL / _cGCL |
||
| 082 | 0 | 4 |
_a823.03 _bب ا |
| 100 | 1 | _aبيروشون، ارنست | |
| 245 | 1 | 0 |
_aالغريزة: قصة انسانية رائعة / _cبيروشون، ارنست |
| 260 |
_a[S.N] : _bالمكتبة الثقافية ، _c1987 |
||
| 300 | _a142 ص | ||
| 490 | _a | ||
| 650 | 0 | 4 | _aالقصص الانجليزية المترجمة |
| 650 | 0 | 4 | _aالادب الانجليزى |
| 942 |
_2ddc _cBK |
||
| 999 |
_c55077 _d55077 |
||